| Tag |
First Indicator |
Second Indicator |
Subfields |
| LEADER |
00000cam a2200000 a 4500 |
| 001 |
in00000554243 |
| 005 |
20151014051202.0 |
| 008 |
841023s1983 stka b 00110beng |
| 010 |
|
|
|a 84172396
|
| 020 |
|
|
|a 0707303389
|
| 035 |
|
|
|a (OCoLC)10906628
|
| 035 |
|
|
|9 ACJ2864AM
|
| 039 |
0 |
|
|a 2
|b 3
|c 3
|d 3
|e 3
|
| 040 |
|
|
|a DLC
|c DLC
|d TXA
|d UtOrBLW
|
| 049 |
|
|
|a TXAM
|c [1678391]
|
| 050 |
0 |
0 |
|a PR5338
|b .H55 1983
|
| 082 |
0 |
|
|a 828/.709
|2 19
|
| 100 |
1 |
|
|a Hogg, James,
|d 1770-1835.
|
| 240 |
1 |
0 |
|a Familiar anecdotes of Sir Walter Scott
|
| 245 |
1 |
0 |
|a Anecdotes of Sir W. Scott /
|c James Hogg ; edited by Douglas S. Mack.
|
| 264 |
|
1 |
|a Edinburgh :
|b Scottish Academic Press,
|c 1983.
|
| 300 |
|
|
|a 79 pages :
|b illustrations ;
|c 22 cm.
|
| 336 |
|
|
|a text
|b txt
|2 rdacontent
|
| 337 |
|
|
|a unmediated
|b n
|2 rdamedia
|
| 338 |
|
|
|a volume
|b nc
|2 rdacarrier
|
| 500 |
|
|
|a Originally published as: Familiar anecdotes of Sir Walter Scott.
|
| 504 |
|
|
|a Includes bibliographical references and index.
|
| 600 |
1 |
0 |
|a Scott, Walter,
|d 1771-1832.
|
| 600 |
1 |
0 |
|a Hogg, James,
|d 1770-1835
|x Friends and associates.
|
| 650 |
|
0 |
|a Authors, Scottish
|y 19th century
|v Biography.
|
| 700 |
1 |
|
|a Mack, Douglas S.
|
| 999 |
|
|
|a MARS
|
| 999 |
f |
f |
|s 85c0f114-8cc1-3710-810d-e367455dcc68
|i 0bca4536-ebfb-3be4-ab7f-f2393cdf1e46
|t 0
|
| 952 |
f |
f |
|p ric
|a Texas A&M University
|b Rellis Campus
|c Joint Library Facility
|d Remote Storage
|t 0
|e PR5338 .H55 1983
|h Library of Congress classification
|i unmediated -- volume
|m A14808301693
|
| 998 |
f |
f |
|a PR5338 .H55 1983
|t 0
|l Remote Storage
|